000 00313nam a2200121Ia 4500
008 180205s9999 xx 000 0 und d
020 _a9780566087721
100 _aLock, Dennis
245 _aProject Management /
250 _a9th ed
260 _aUSA :
_bGower publishing company
_c2007
300 _axi, 520 pages
999 _c354650
_d354650